000 01278nam a22003617a 4500
003 CHAP
005 20220329133035.0
008 971013s1989 r 10010 d
010 _a1522
011 _a2494
035 _a1688
040 _cCHAP
082 _a574.063
_bC65
111 0 0 _aCongreso Dominicano sobre la Enseñanza de la Biología a Nivel Medio (
_n1
_d: 1988
_c: San Cristóbal)
_926691
245 _aMemorias
260 _aSanto Domingo :
_bInstituto Tecnológico de Santo Domingo,
_c1989
300 _a338 p.
_b: ilus. ; gráfs.
500 _aD42-42
590 _aBATCH-UPD
_b10
_c20130110
_lUCH01
_h0121
590 _aBATCH-UPD
_b10
_c20130110
_lUCH01
_h1905
590 _aBATCH-UPD
_b10
_c20130409
_lUCH01
_h2114
590 _aBATCH-UPD
_b10
_c20130410
_lUCH01
_h1232
590 _aBATCH-UPD
_b10
_c20130914
_lUCH01
_h0632
590 _aCONVERSION
_b10
_c20130109
_lUCH01
_h1302
650 1 4 _aBiología
_xCongresos.
_912779
650 1 4 _aBiología
_xEstudio y enseñanza.
_912782
700 0 _aHenríquez, Ana Mercedes.
_953630
700 0 _aIncháustegui, Sixto J.
_957528
901 _aBK
942 _cLIBRO
949 _a574.063 C65
_bBC
_cLIBRO
_d33724000527370
_eLIBRO
_h78986
_i1688
_si
949 _a574.063 C65
_bBC
_cLIBRO
_d33724000527883
_eLIBRO
_fc.2
_h80419
_i1688
_si
999 _c1522
_d1522